| 000 | 02168nam a2200313 a 4500 | ||
|---|---|---|---|
| 001 | BRCA_5173 | ||
| 005 | 20190320204954.0 | ||
| 008 | 241110s1772----mx-######v---#000-0#spa-# | ||
| 041 | _aspa | ||
| 044 | _amx | ||
| 084 |
_aDOC124 _b.B83 _c1772 |
||
| 100 | 1 |
_aBucareli y Ursúa, Antonio María _cVirrey _d1717-1779 _913233 |
|
| 245 | 1 | 0 |
_aDocumento firmado por el Virrey Don Antonio María Bucareli y Ursúa y Joseph de Garraez _cAntonio María Bucareli y Ursúa, Joseph de Garraez. |
| 260 |
_aMéxico _c1772 |
||
| 300 |
_a[1] foja _c31 x 42 cm |
||
| 500 | _aDocumento firmado el 15 de diciembre de 1772 | ||
| 500 | _aBando original dado y firmado por el Virrey Don Antonio María Bucareli y Ursúa en México, en el que prohibe en forma definitiva el comercio del ´chinguirito´ imponiendo severos castigos para sus contraventores | ||
| 500 | _aEl documento contiene la leyenda DOC. #292 | ||
| 500 | _aPapel con marca de agua | ||
| 500 | _aAl margen sellos con escudo español e inscripción: SELLO QUARTO UN CUARTILLO, AÑOS DE MIL SETECIENTOS Y SETENTA Y SETENTA Y UNO. -- ESCUDO DE LAROLUS III DGM AÑOS 1772. REY DE ESPAÑA. -- lEYENDA: FREY DON ANTONIO MARÍA BUCARELI Y URSÚA, HENESTROSA LAFO DE LA VEGA, VILLACIS Y CORDOVA, Caballero comendador de la bobeda. -- Toro en el Orden de San Juan, Teniente General de los Reales Ejércitos de su Virrey Governador y Capitán General de esta Nueva España, Presidente de su Real Audiencia Superintendente General de la Real Hacienda y Ramo de Tabaco, Juez conservador de este, presidente de su Junta y Subdelegado General de la Renta de Correos en el mismo Reyno | ||
| 500 | _aEstado de conservación: contiene manchas de acidificación, roturas y dobleces, tiene lagunas por polilla | ||
| 506 | 0 | _aFondo reservado: para su consulta es necesario credencial de usuario y carta de motivos | |
| 546 | _aTexto en: español de finales del siglo XVIII | ||
| 600 | 1 | 4 |
_aBucareli y Ursúa, Antonio María _cVirrey _d1717-1779 _913233 |
| 650 | 1 | 4 |
_aDocumentos legales _vImpreso con rúbricas _xHistoria _yColonia, 1521-1821 _zMéxico _913234 |
| 700 | 1 |
_aGarraez, Joseph de _913235 |
|
| 902 | _aFDH | ||
| 942 |
_2lcc _cD |
||
| 999 |
_c4867 _d4867 |
||